00719nam a2200229Ia 4500008004100000020001700041040001400058082001800072100002000090245004300110250001300153260003800166300001700204365002800221366000800249505002200257530002600279620007500305630004300380650002300423730004300446100315s9999 xx 000 0 und d a8176353620  cENGLISH  b9750 a004  a"Oliver, Dick " aSams Teach Yourself HMTL 4 in 24 Hours a4th ed  aNEW DELHI bTECHMEDIA  c2000  a"xxi,481  " eRupees d1 b150.00  f0  gVaibhav Gaikwad  bDonated By Library   a"Sams Teach Yourself HMTL 4 in 24 Hours, Computer Science, RBI Book " aSams Teach Yourself HMTL 4 in 24 Hours aCOMPUTER SCIENCE  aSams Teach Yourself HMTL 4 in 24 Hours